Ký ức người thầy Từ cuộc thi "Người học trò trong trí nhớ" do Báo Sinh viên Việt Nam và công ty Văn hóa phương Nam thực hiện

Ký ức người thầy là những mảng màu đa sắc của niềm vui buồn, nỗi day dứt của giọt nước mắt nuối tiếc hay hạnh phúc trên con đường của những người đang và đã từng bước qua nghề giáo

Na minha lista:
Detalhes bibliográficos
Autor principal: Nhiều tác giả
Formato: Livro
Idioma:Undetermined
Publicado em: H. Văn hóa Văn nghệ Tp. Hồ Chí Minh 2015
Assuntos:
Acesso em linha:http://lrc.tdmu.edu.vn/opac/search/detail.asp?aID=2&ID=26270
Tags: Adicionar Tag
Sem tags, seja o primeiro a adicionar uma tag!
Thư viện lưu trữ: Trung tâm Học liệu Trường Đại học Thủ Dầu Một
LEADER 01155nam a2200217Ia 4500
001 TDMU_26270
008 210410s9999 xx 000 0 und d
082 |a 303.482 
090 |b K600 
100 |a Nhiều tác giả 
245 0 |a Ký ức người thầy 
245 0 |b Từ cuộc thi "Người học trò trong trí nhớ" do Báo Sinh viên Việt Nam và công ty Văn hóa phương Nam thực hiện 
245 0 |c Nhiều tác giả 
260 |a H. 
260 |b Văn hóa Văn nghệ Tp. Hồ Chí Minh 
260 |c 2015 
300 |a 151tr. 
520 |a Ký ức người thầy là những mảng màu đa sắc của niềm vui buồn, nỗi day dứt của giọt nước mắt nuối tiếc hay hạnh phúc trên con đường của những người đang và đã từng bước qua nghề giáo 
650 |a Văn học việt Nam  |v Truyện ngắn; Truyện ngắn Việt Nam 
856 |u http://lrc.tdmu.edu.vn/opac/search/detail.asp?aID=2&ID=26270 
980 |a Trung tâm Học liệu Trường Đại học Thủ Dầu Một